Bienvenue à la Médiathèque de Saint-Andiol
banniere
Accueil Recherche avancée Mon compte
handi1 Rechercher dans le catalogue

Filtre   Mots-clés
  Recherche avancée
 
Lister les dernières nouveautés
 
Lister les livres GROS CARACTERES
 
Lister les périodiques (magazines)

handi1 Murder party

Book Cover
Auteur principal : Etienne Willem
Autres auteurs : Ramon Pantoja
Titre : Murder party
Support : Livres
Langue : Francais
Publié : 2011 Paquet Genève
Series : Vieille bruyère et Bas de soie
Genre : Bande dessinée (adultes)
Collection : Policier
Sujets :
Étiquettes :
Pas de tags
LEADER 01151nam0a2200241 450
001 16865809
010 |a 978-2-88890-367-3  |b Br.  |d 13 € 
100 |a 20110207d2011 u u0frey01 ba 
101 0 |a fre 
102 |a CH 
200 0 |a Murder party  |f Etienne Willem  |g mise en couleurs Ramon Pantoja 
205 |a Nouv. éd. 
207 1 |a   
210 |a Genève  |c Paquet  |d 2011 
215 |a 48 p.  |c illustrations en couleur  |d 33 x 24 cm 
225 1 |a Policier 
330 |a En 1935, après l'arrestation de Gregory Habnett, Arbuckle est officiellement en vacances en Ecosse. Il tente de joindre Mildred pour éclaircir les meurtres de Johnstone et Alcorn mais l'ex-épouse de l'inspecteur est toujours murée dans l'hôpital psychiatrique qu'elle dirige à Greenhengh. Mildred est retrouvée assassinée et Habnett s'évade, faisant rebondir l'affaire du tueur à la tache. 
461 0 |t Vieille bruyère et Bas de soie  |v 02 
700 0 |a Willem  |b Etienne  |4 70 
702 0 |a Pantoja  |b Ramon  |4 410 
900 |a Bande dessinée (adultes) 
901 |a Adultes 
995 |a Médiathèque  |c Médiathèque  |f 00156008146953  |h 00156008146953  |k BDJ WIL  |o p  |q a  |r az  |e Médiathèque